| 000 | 00912cam a2200265 4500 | ||
|---|---|---|---|
| 008 | 090401t1995 xxu||||| |||| 00| 0 eng d | ||
| 020 | _a0853083134 | ||
| 035 | _a(Sirsi) u31479 | ||
| 041 | _aeng | ||
| 050 | _a630.026 | ||
| 090 | _a630.026 | ||
| 100 | _aSydenham, Angela | ||
| 245 | _aFarm business tenancies: the Agricultural Tenancies Act 1995. | ||
| 260 |
_aBristol _bJordan Publishing Limited _c1995 |
||
| 300 | _axxxii,202p. ; 24cm. | ||
| 350 | _a25 | ||
| 520 | _aSets out the new law on farm business tenancies introduced by the Agricultural Tenancies Act 1995 and includes a collection of precedents for notices under the act. | ||
| 650 | _aAGRICULTURAL TENANCIES ACT 1995 | ||
| 650 | _aPROPERTY-LANDLORD AND TENANT-TENANCIES-AGRICULTURAL TENANCIES | ||
| 650 | _aFARM BUSINES TENANCIES | ||
| 690 | _aRURAL PRACTICE | ||
| 700 | _aMainwaring, Neil | ||
| 942 | _n0 | ||
| 948 | _c04/03/1997 | ||
| 999 |
_c89601 _d89601 |
||